MARC

LEADER 00000nam0a2200000 4500
001 276819
005 20231101234946.0
020 |a RU  |b 85-82492 
035 |a (RuTPU)RU\TPU\book\300092 
090 |a 276819 
100 |a 20141126d1985 k y0rusy5003 ca 
101 0 |a rus 
102 |a GE 
105 |a a z 001zy 
200 1 |a Объемный анализ рельефа и проблема геоморфологической систематики  |f Д. Д. Табидзе  |g Академия наук Грузинской ССР (АН ГрузССР), Институт географии им. Вахушти Багратиони 
210 |a Тбилиси  |c Мецниереба  |d 1985 
215 |a 107 с.  |c ил.  |d 26 см 
320 |a Библиогр.: с. 103-106 
606 1 |a Геоморфологические исследования  |2 stltpush  |3 (RuTPU)RU\TPU\subj\6199  |9 34135 
610 1 |a рельеф 
610 1 |a исследование 
610 1 |a объемная направленность 
610 1 |a геоморфологический анализ 
610 1 |a геоморфологический синтез 
610 1 |a морфология 
610 1 |a генезис 
610 1 |a возраст 
610 1 |a систематика 
610 1 |a геоморфологическое картирование 
675 |a 551.4.01  |z rus  |v 3 
700 1 |a Табидзе  |b Д. Д.  |g Демури Давидович  |4 070 
712 0 2 |a Академия наук Грузинской ССР (АН ГрузССР)  |b Институт географии им. Вахушти Багратиони  |2 stltpush  |3 (RuTPU)RU\TPU\col\18094 
801 0 |a RU  |b RuMRKP  |c 19950704  |g psbo 
801 1 |a RU  |b 63413507  |c 20141126 
801 2 |a RU  |b 63413507  |c 20170403  |g RCR 
942 |c BK